书目信息 |
| 题名: |
轻质碳酸钙生产工艺
|
|
| 作者: | 王国庆 , 崔英德 编著 | |
| 分册: | ||
| 出版信息: | 北京 化学工业出版社 1999.9 |
|
| 页数: | 191页 | |
| 开本: | 16开 | |
| 丛书名: | ||
| 单 册: | ||
| 中图分类: | TQ127.1 | |
| 科图分类: | ||
| 主题词: | ⅣA族元素:非金属元素--生产 , ⅣA族化合物:无机化合物--生产 | |
| 电子资源: | ||
| ISBN: | 7-5025-2587-4 | |
| 000 | 00685nam0 2200217 45 | |
| 001 | 0011171100 | |
| 005 | 20001117110710.7 | |
| 010 | @a7-5025-2587-4@d35.00元 | |
| 100 | @a20001117d1999 km y0chiy0120 ea | |
| 101 | 0 | @achi |
| 105 | @a z 000yy | |
| 200 | 1 | @a轻质碳酸钙生产工艺@AQing Zhi Tan Suan Gai Sheng Chan Gong Yi@f王国庆,崔英德编著@FWang Guo Qing,Cui Ying De Bian Zhu |
| 210 | @a北京@c化学工业出版社@d1999.9 | |
| 215 | @a191页@d16开 | |
| 606 | 0 | @aⅣA族元素:非金属元素@x生产 |
| 606 | 0 | @aⅣA族化合物:无机化合物@x生产 |
| 690 | @aTQ127.1@v3 | |
| 701 | 0 | @a王国庆@4编著 |
| 701 | 0 | @a崔英德@4编著 |
| 801 | @aCN@bPftUser@c20001117 | |
| 905 | @b411247-251@dTQ127.1@eW679@f5 | |
| 轻质碳酸钙生产工艺/王国庆,崔英德编著.-北京:化学工业出版社,1999.9 |
| 191页;16开 |
| ISBN 7-5025-2587-4:35.00元 |
| ● |
| 相关链接 |
|
|
|
正题名:轻质碳酸钙生产工艺
索取号:TQ127.1/W679
 
预约/预借
| 序号 | 登录号 | 条形码 | 馆藏地/架位号 | 状态 | 备注 |
| 1 | 411247 | 204112478 | 自科库501/201建筑库 36排3列2层/ [索取号:TQ127.1/W679] | 在馆 | |
| 2 | 411248 | 204112487 | 自科二线504/504自科库 42排3列3层/ [索取号:TQ127.1/W679] | 在馆 | |
| 3 | 411249 | 204112496 | 自科二线504/504自科库 42排3列3层/ [索取号:TQ127.1/W679] | 在馆 | |
| 4 | 411250 | 204112502 | 自科二线504/504自科库 42排3列3层/ [索取号:TQ127.1/W679] | 在馆 | |
| 5 | 411251 | 204112511 | 自科二线504/504自科库 42排3列3层/ [索取号:TQ127.1/W679] | 在馆 |